Detalles MARC
| 000 -LÍDER |
| Campo fijo de descripción fija |
01601cam a2200373 i 4500 |
| 001 - NÚMERO DE CONTROL |
| Campo de control |
768714001 |
| 003 - IDENTIFICADOR DEL NÚMERO DE CONTROL |
| Campo de control |
CO-MdFUSB |
| 005 - FECHA Y HORA DE LA ULTIMA TRANSACCIÓN |
| control field |
20210512123615.0 |
| 007 - CAMPO FIJO DE DESCRIPCIÓN FIJA--INFORMACIÓN GENERAL |
| Campo fijo de descripción fija |
ta |
| 008 - ELEMENTOS DE LONGITUD FIJA -- INFORMACIÓN GENERAL |
| Campo fijo de descripción fija -- Información general |
180629t2018 miu b 001 0 eng c |
| 010 ## - NÚMERO DE CONTROL DE LA BIBLIOTECA DEL CONGRESO |
| Número de control LC |
2018010827 |
| 020 ## - NÚMERO INTERNACIONAL NORMALIZADO PARA LIBROS |
| Número Internacional Normalizado del libro |
9781540960412 |
| Información adicional |
(pbk.) |
| 020 ## - NÚMERO INTERNACIONAL NORMALIZADO PARA LIBROS |
| Número Internacional Normalizado del libro |
1540960412 |
| 040 ## - FUENTE DE CATALOGACIÓN |
| Agencia de catalogación original |
LBSOR/DLC |
| Idioma de catalogación |
eng |
| Convenciones de la descripción |
rda |
| Agencia que realiza la transcripción |
CO-MdFUSB |
| Agencia que realiza la modificación |
OCLCF |
| -- |
OCLCO |
| -- |
BCT |
| -- |
WIO |
| -- |
UtOrBLW |
| 041 ## - CÓDIGO DE IDIOMA |
| Código de idioma para texto/pista de sonido o título separado |
eng |
| 082 ## - NÚMERO DE CLASIFICACIÓN DECIMAL DEWEY |
| Número de la edición del Dewey |
23 |
| Número de clasificación |
225.7 |
| Clave de autor-Numero de item |
H145 |
| 090 ## - SIGNATURA TOPOGRÁFICA LOCAL |
| Número de clasificación local |
BS2315 |
| 100 1# - ASIENTO PRINCIPAL--NOMBRE PERSONAL |
| Nombre personal |
Hagner, Donald Alfred, |
| Término relacionador |
autor |
| 245 10 - TÍTULO |
| Título del Material |
How new is the New Testament? : |
| Parte restante del título - Subtitulo |
first-century Judaism and the emergence of Christianity |
| Mención de responsabilidad, etc. |
/ Donald A. Hagner. |
| 264 #1 - PRODUCCIÓN, PUBLICACIÓN, DISTRIBUCIÓN, MANUFACTURA, Y COPYRIGHT |
| Lugar de producción, publicación, distribución, manufactura |
Grand Rapids, MI : |
| Nombre del productor, publicador, distribuidor |
Baker Academic, |
| Fecha de producción, publicación, distribución, manufactura, o copyright |
[2018] |
| 264 #4 - PRODUCCIÓN, PUBLICACIÓN, DISTRIBUCIÓN, MANUFACTURA, Y COPYRIGHT |
| Fecha de producción, publicación, distribución, manufactura, o copyright |
© 2018 |
| 300 ## - DESCRIPCIÓN FÍSICA |
| Extensión |
xii, 211 páginas ; |
| Dimensiones |
21 cm. |
| 336 ## - TIPO DE CONTENIDO |
| Término de tipo de contenido |
texto |
| Fuente |
rdacontent. |
| Código de tipo de contenido |
txt |
| 337 ## - TIPO DE MEDIO |
| Nombre del tipo de medio |
sin mediación |
| Fuente |
rdamedia. |
| Código del tipo de medio |
n |
| 338 ## - TIPO DE SOPORTE |
| Nombre del tipo de soporte |
volumen |
| Fuente |
rdacarrier. |
| Código Tipo de soporte |
nc |
| 504 ## - NOTA DE BIBLIOGRAFÍA, ETC. |
| Nota de bibliografía, etc |
Incluye referencias bibliográficas e indice. |
| 505 ## - NOTA DE CONTENIDO |
| Nota de contenido con formato preestablecido |
La cuestión de la continuidad y la discontinuidad - Los Evangelios de Marcos y Mateo - El Evangelio de Lucas - Los Hechos de los Apóstoles - El Evangelio de Juan y las cartas de Juan - El corpus paulino - Hebreos y las cartas católicas - - El Apocalipsis - Novedad en el Nuevo Testamento: continuidad y discontinuidad. |
| 520 ## - NOTA DE RESUMEN, ETC. |
| Nota de sumario, etc. |
"Un erudito del Nuevo Testamento aborda el tema de cuán distinto es el cristianismo primitivo del judaísmo formativo del que surgió" - |
| 563 ## - NOTA DE ENCUADERNACIÓN |
| Nota de encuadernación |
Rústico |
| 630 #7 - TITULO UNIFORME |
| Título uniforme |
Biblia. |
| Nombre de parte o sección de la obra |
Nuevo Testamento |
| Subdivisión de materia general |
Crítica, interpretación, etc. |
| 942 ## - TIPO DE MATERIAL (KOHA) |
| Tipo de Item KOHA |
Libros General |
| 945 ## - INFORMACIÓN LOCAL DEL REGISTRO |
| Catalogador |
JTF-925 |